[Event "SC Steinfurt 1 - SK Münster 4"]
[Site "Verbandsliga 2017/2018"]
[Date "2017.12.09"]
[Round "4.1"]
[White "Schulz, Stefan"]
[Black "Grälken, Matthias"]
[Result "0-1"]
[WhiteElo "1885"]
[BlackElo "2043"]
[PlyCount "76"]
[EventDate "2017.??.??"]
[SourceTitle "Verband Muensterland"]
[SourceDate "2017.09.16"]
[SourceVersion "1"]
[SourceVersionDate "2017.09.16"]
[SourceQuality "1"]

1. d4 Nf6 2. Nf3 e6 3. g3 b6 4. c4 Bb7 5. Bg2 Be7 6. O-O O-O 7. Nc3 Ne4 8. Bd2
Bf6 9. Qc2 Nxd2 10. Qxd2 c5 11. e4 cxd4 12. Nxd4 a6 13. Rac1 d6 14. Rfd1 Be7
15. Qe2 Nd7 16. Nf3 Qc7 17. b3 Rfe8 18. h4 Rac8 19. Qe3 Nf6 20. Ne1 Bf8 21. Nd3
h6 22. Na4 Nd7 23. Nc3 Qb8 24. Nf4 Ba8 25. Kh1 Ne5 26. Nd3 Nd7 27. Nf4 Nf6 28.
f3 b5 29. Bf1 bxc4 30. Bxc4 Bb7 31. Be2 d5 32. exd5 exd5 33. Qd3 d4 34. Nb1 Re3
35. Qxd4 Rxe2 36. Rxc8 Qxc8 37. Nxe2 Bxf3+ 38. Kg1 Bc5 0-1

[Event "SC Steinfurt 1 - SK Münster 4"]
[Site "Verbandsliga 2017/2018"]
[Date "2017.12.09"]
[Round "4.2"]
[White "Haselhorst, Helmut"]
[Black "Jansen, Dirk"]
[Result "1-0"]
[WhiteElo "2074"]
[BlackElo "1955"]
[PlyCount "117"]
[EventDate "2017.??.??"]
[SourceTitle "Verband Muensterland"]
[SourceDate "2017.09.16"]
[SourceVersion "1"]
[SourceVersionDate "2017.09.16"]
[SourceQuality "1"]

1. Nf3 d5 2. d4 e6 3. c4 c5 4. cxd5 exd5 5. g3 Nc6 6. Bg2 Nf6 7. O-O cxd4 8.
Nxd4 Bc5 9. Nb3 Bb6 10. Nc3 Be6 11. Na4 O-O 12. Nxb6 axb6 13. Be3 Re8 14. Bd4
Bg4 15. Re1 Nxd4 16. Nxd4 Qd7 17. Qb3 Qa4 18. e3 Qxb3 19. axb3 Bd7 20. Kf1 Kf8
21. Ke2 Ke7 22. f3 Kd6 23. b4 Rec8 24. Kd2 Re8 25. Bf1 Rec8 26. Bd3 g6 27. Ra3
Rxa3 28. bxa3 Ra8 29. Ra1 Ne8 30. Kc3 Nc7 31. Kb2 Ne6 32. Nc2 Ba4 33. h4 Bxc2
34. Bxc2 Rd8 35. Rd1 Ke5 36. f4+ Kf6 37. g4 d4 38. f5 gxf5 39. gxf5 Nc7 40.
Rxd4 Rxd4 41. exd4 Nb5 42. Be4 Nxd4 43. Bxb7 Nxf5 44. a4 Nd6 45. Bg2 Ke5 46.
Kc3 Ne8 47. a5 bxa5 48. bxa5 Nc7 49. Bb7 f5 50. Kc4 Kd6 51. Kd4 Ne6+ 52. Ke3
Ke5 53. a6 f4+ 54. Kf3 Nd4+ 55. Kg4 Nb5 56. Kg5 Kd6 57. Kxf4 Kc7 58. Kg5 Nd6
59. h5 1-0

[Event "SC Steinfurt 1 - SK Münster 4"]
[Site "Verbandsliga 2017/2018"]
[Date "2017.12.09"]
[Round "4.3"]
[White "Voß, Norbert"]
[Black "Arning, Marcus"]
[Result "1/2-1/2"]
[WhiteElo "1850"]
[BlackElo "1893"]
[PlyCount "72"]
[EventDate "2017.??.??"]
[SourceTitle "Verband Muensterland"]
[SourceDate "2017.09.16"]
[SourceVersion "1"]
[SourceVersionDate "2017.09.16"]
[SourceQuality "1"]

1. c4 e5 2. g3 Nf6 3. Bg2 h6 4. a3 d5 5. cxd5 Nxd5 6. Nc3 Nxc3 7. bxc3 Bd6 8.
e4 O-O 9. Nf3 Nc6 10. O-O b6 11. d3 Bb7 12. Nh4 Ne7 13. Qh5 Qe8 14. f4 Bc5+ 15.
Kh1 f6 16. Qe2 Ba6 17. Be3 Rd8 18. c4 Bxe3 19. Qxe3 Qd7 20. fxe5 fxe5 21. Rxf8+
Rxf8 22. Bf1 Bb7 23. Be2 Qa4 24. Bg4 Qc2 25. Nf3 Qb2 26. Re1 Kh8 27. Kg1 Nc6
28. Nh4 Rf6 29. Rf1 Rxf1+ 30. Kxf1 Qxa3 31. Ng6+ Kg8 32. Be6+ Kh7 33. Bf5 Kg8
34. Be6+ Kh7 35. Bf5 Kg8 36. Be6+ Kh7 1/2-1/2

[Event "SC Steinfurt 1 - SK Münster 4"]
[Site "Verbandsliga 2017/2018"]
[Date "2017.12.09"]
[Round "4.4"]
[White "Tempelman, Kristianne"]
[Black "Schöpper, Oliver"]
[Result "1-0"]
[WhiteElo "1843"]
[BlackElo "1816"]
[PlyCount "73"]
[EventDate "2017.??.??"]
[SourceTitle "Verband Muensterland"]
[SourceDate "2017.09.16"]
[SourceVersion "1"]
[SourceVersionDate "2017.09.16"]
[SourceQuality "1"]

1. d4 d5 2. c4 c6 3. Nc3 Nf6 4. Nf3 e6 5. Qb3 Nbd7 6. g3 Be7 7. Bg2 O-O 8. O-O
b6 9. Bf4 Ba6 10. Nd2 Nh5 11. Be3 f5 12. f4 Ndf6 13. cxd5 cxd5 14. Bf2 Ng4 15.
Rfe1 Bb7 16. Nf3 Rc8 17. Ne5 Nxf2 18. Kxf2 Nf6 19. e3 g5 20. h3 Ne4+ 21. Nxe4
fxe4 22. Rac1 gxf4 23. exf4 Qd6 24. Qd1 Rxc1 25. Qg4+ Kh8 26. Rxc1 Qb4 27. Kg1
Qxd4+ 28. Kh2 Bd6 29. Qxe6 Bxe5 30. fxe5 Qf2 31. Rc7 Rg8 32. g4 Qf4+ 33. Kh1
Ba6 34. Qxd5 e3 35. Rf7 Qh6 36. e6 e2 37. Qe5+ 1-0

[Event "SC Steinfurt 1 - SK Münster 4"]
[Site "Verbandsliga 2017/2018"]
[Date "2017.12.09"]
[Round "4.5"]
[White "Börger, Andreas"]
[Black "Wild, Helmut"]
[Result "1/2-1/2"]
[WhiteElo "1774"]
[BlackElo "1909"]
[PlyCount "52"]
[EventDate "2017.??.??"]
[SourceTitle "Verband Muensterland"]
[SourceDate "2017.09.16"]
[SourceVersion "1"]
[SourceVersionDate "2017.09.16"]
[SourceQuality "1"]

1. c4 c6 2. g3 d5 3. cxd5 cxd5 4. Bg2 Nc6 5. d4 a6 6. Nf3 Bf5 7. O-O h6 8. Nc3
e6 9. a3 Rc8 10. Re1 Nf6 11. Ne5 Be7 12. e3 O-O 13. Qd2 b5 14. Nd3 Na5 15. Qd1
Nc4 16. Ne2 a5 17. b3 Nb6 18. Bb2 a4 19. b4 Bxd3 20. Qxd3 Nc4 21. Bc3 Qb6 22.
Rec1 Rc7 23. Nf4 g5 24. Ne2 Rfc8 25. Rf1 Ne8 26. e4 dxe4 1/2-1/2

[Event "SC Steinfurt 1 - SK Münster 4"]
[Site "Verbandsliga 2017/2018"]
[Date "2017.12.09"]
[Round "4.6"]
[White "Janning, Rainer"]
[Black "Stumpe, Danny"]
[Result "0-1"]
[WhiteElo "1901"]
[BlackElo "1685"]
[PlyCount "84"]
[EventDate "2017.??.??"]
[SourceTitle "Verband Muensterland"]
[SourceDate "2017.09.16"]
[SourceVersion "1"]
[SourceVersionDate "2017.09.16"]
[SourceQuality "1"]

1. f4 c6 2. Nf3 d5 3. e3 Nf6 4. g3 Nbd7 5. Bg2 Qc7 6. b3 e5 7. Bb2 Bd6 8. O-O
O-O 9. a4 b6 10. Nh4 Re8 11. Na3 Nf8 12. f5 Qe7 13. c4 Bb7 14. cxd5 cxd5 15.
Nb5 Bb4 16. Nc3 d4 17. exd4 Bxg2 18. Nxg2 exd4 19. Nb5 Bc5 20. d3 Qd7 21. Qf3
a6 22. Na3 Nd5 23. Rfe1 Ne3 24. g4 Rad8 25. Re2 Qd6 26. Nc4 Qh6 27. Rae1 Nd7
28. Ngxe3 dxe3 29. Kg2 Nf6 30. h3 Rxd3 31. Qc6 Red8 32. Bxf6 Qxf6 33. Qxf6 gxf6
34. Nxe3 Rxb3 35. Nf1 Rdd3 36. h4 Rh3 37. Rb2 Ra3 38. a5 Rxh4 39. Re4 Rxa5 40.
Ng3 Ra1 41. Nh5 Rg1+ 42. Kf3 Rh3+ 0-1

[Event "SC Steinfurt 1 - SK Münster 4"]
[Site "Verbandsliga 2017/2018"]
[Date "2017.12.09"]
[Round "4.7"]
[White "Sobel, Meinhard"]
[Black "Yust, Evgeniy"]
[Result "0-1"]
[WhiteElo "1563"]
[BlackElo "1877"]
[PlyCount "94"]
[EventDate "2017.??.??"]
[SourceTitle "Verband Muensterland"]
[SourceDate "2017.09.16"]
[SourceVersion "1"]
[SourceVersionDate "2017.09.16"]
[SourceQuality "1"]

1. e4 g6 2. d4 Bg7 3. Nf3 d6 4. Nc3 Nc6 5. Be3 Nf6 6. h3 a6 7. Qd2 b5 8. a3 O-O
9. Bh6 e5 10. Bxg7 Kxg7 11. Rd1 Qe7 12. dxe5 Nxe5 13. Nxe5 Qxe5 14. Qd4 Re8 15.
Qxe5 Rxe5 16. f3 Bb7 17. Kf2 Rae8 18. Bd3 Nd7 19. Rhe1 Nc5 20. Bf1 g5 21. Re2
Ne6 22. Red2 Kf6 23. b4 h5 24. Nd5+ Bxd5 25. Rxd5 Nf4 26. R5d2 h4 27. c4 Ke7
28. c5 dxc5 29. Rd7+ Kf6 30. Rxc7 c4 31. Rdd7 R8e7 32. Rd6+ R5e6 33. Rxe6+ Rxe6
34. g3 Ng6 35. gxh4 gxh4 36. Ke3 Ne7 37. Rd7 Rc6 38. Rd2 Ng6 39. f4 a5 40. bxa5
Ra6 41. a4 bxa4 42. Bxc4 Rxa5 43. Rd6+ Ke7 44. Ra6 Rxa6 45. Bxa6 f6 46. f5 Ne5
47. Bb7 Nc4+ 0-1

[Event "SC Steinfurt 1 - SK Münster 4"]
[Site "Verbandsliga 2017/2018"]
[Date "2017.12.09"]
[Round "4.8"]
[White "Schmitz, Carolin"]
[Black "Menzel, Thomas"]
[Result "1/2-1/2"]
[WhiteElo "1590"]
[BlackElo "1691"]
[PlyCount "32"]
[EventDate "2017.??.??"]
[SourceTitle "Verband Muensterland"]
[SourceDate "2017.09.16"]
[SourceVersion "1"]
[SourceVersionDate "2017.09.16"]
[SourceQuality "1"]

1. e4 c5 2. Nf3 d6 3. c3 Nf6 4. e5 dxe5 5. Nxe5 a6 6. Bc4 e6 7. O-O Be7 8. d4
cxd4 9. Qxd4 Qxd4 10. cxd4 b5 11. Bb3 Bb7 12. Be3 O-O 13. a3 Nbd7 14. Nc3 Nb6
15. Rac1 Rac8 16. Rfd1 Nfd5 1/2-1/2

[Event "SK Dülmen 1 - SV Heiden 1"]
[Site "Verbandsliga 2017/2018"]
[Date "2017.12.09"]
[Round "4.1"]
[White "Berger, Alfred"]
[Black "Eiersbrock, Robin"]
[Result "0-1"]
[WhiteElo "1960"]
[BlackElo "2019"]
[PlyCount "82"]
[EventDate "2017.??.??"]
[SourceTitle "Verband Muensterland"]
[SourceDate "2017.09.16"]
[SourceVersion "1"]
[SourceVersionDate "2017.09.16"]
[SourceQuality "1"]

1. c4 Nf6 2. Nc3 g6 3. g3 Bg7 4. Bg2 O-O 5. Nf3 d6 6. d4 Nbd7 7. O-O e5 8. dxe5
Nxe5 9. Nxe5 dxe5 10. Qxd8 Rxd8 11. Bg5 Rd4 12. Rad1 Be6 13. b3 c6 14. Be3 Rxd1
15. Rxd1 Bf8 16. h3 Bb4 17. Bg5 Kg7 18. Bxf6+ Kxf6 19. Ne4+ Ke7 20. Ng5 Bc8 21.
Nxh7 f6 22. g4 g5 23. Nxf6 Kxf6 24. Rd8 Be7 25. Rd3 Be6 26. Be4 Rd8 27. Rxd8
Bxd8 28. Kf1 Ke7 29. c5 Ba5 30. e3 Bb4 31. Ke2 Bxc5 32. Kd3 Bd5 33. Bf5 Bg2 34.
Kc4 Bd6 35. Bd3 Bxh3 36. Be2 Bg2 37. a4 Bd5+ 38. Kc3 e4 39. Bd1 Be5+ 40. Kb4
Kd6 41. a5 Bh2 0-1

[Event "SK Dülmen 1 - SV Heiden 1"]
[Site "Verbandsliga 2017/2018"]
[Date "2017.12.09"]
[Round "4.2"]
[White "Schlütermann, Philipp"]
[Black "Wienen, Hermann"]
[Result "0-1"]
[WhiteElo "1840"]
[BlackElo "1928"]
[PlyCount "78"]
[EventDate "2017.??.??"]
[SourceTitle "Verband Muensterland"]
[SourceDate "2017.09.16"]
[SourceVersion "1"]
[SourceVersionDate "2017.09.16"]
[SourceQuality "1"]

1. d4 e6 2. c4 d5 3. Nf3 Nf6 4. g3 c6 5. Qc2 Bb4+ 6. Bd2 Bxd2+ 7. Nbxd2 O-O 8.
Bg2 Nbd7 9. O-O Re8 10. Ne5 Nxe5 11. dxe5 Ng4 12. Nf3 f6 13. Qc3 Rf8 14. Rad1
Qb6 15. exf6 Nxf6 16. Ne5 Bd7 17. e4 Rad8 18. c5 Qc7 19. b4 Be8 20. f4 Bh5 21.
Rde1 Nd7 22. Nd3 Bg6 23. f5 dxe4 24. fxg6 exd3 25. gxh7+ Kh8 26. Qxd3 Rxf1+ 27.
Qxf1 Nf6 28. Rxe6 Qf7 29. Qe2 Qg6 30. Be4 Qg5 31. Bd3 Qc1+ 32. Kg2 Qc3 33. Rd6
Rf8 34. Bg6 Nd5 35. Re6 Qxb4 36. Re8 Qxc5 37. Qe6 Nf6 38. Qe3 Qd5+ 39. Be4 Rxe8
0-1

[Event "SK Dülmen 1 - SV Heiden 1"]
[Site "Verbandsliga 2017/2018"]
[Date "2017.12.09"]
[Round "4.3"]
[White "Ehrlich, Hans-Georg"]
[Black "Grund, Wolfgang"]
[Result "1/2-1/2"]
[WhiteElo "1788"]
[BlackElo "1888"]
[PlyCount "71"]
[EventDate "2017.??.??"]
[SourceTitle "Verband Muensterland"]
[SourceDate "2017.09.16"]
[SourceVersion "1"]
[SourceVersionDate "2017.09.16"]
[SourceQuality "1"]

1. b4 e5 2. Bb2 d6 3. e3 Be6 4. Nf3 Nf6 5. Be2 Be7 6. O-O Nbd7 7. c4 Bf5 8. d4
e4 9. Nfd2 Bg6 10. Nc3 d5 11. b5 c6 12. a4 O-O 13. Qb3 Bd6 14. cxd5 c5 15. dxc5
Nxc5 16. Qa2 Rc8 17. Nc4 Bb8 18. Rfd1 Nd3 19. Ba3 Qc7 20. Nd6 Qxc3 21. Nxc8
Rxc8 22. Bxd3 Qe5 23. f4 exf3 24. gxf3 Rc3 25. Bxg6 hxg6 26. Bc1 Nh5 27. Qg2
Rc4 28. Ra3 Bd6 29. Rad3 Rxa4 30. f4 Qe8 31. Rb3 Nf6 32. Qc2 Qd7 33. Qe2 Qh3
34. Qg2 Qd7 35. Qe2 Qh3 36. Qg2 1/2-1/2

[Event "SK Dülmen 1 - SV Heiden 1"]
[Site "Verbandsliga 2017/2018"]
[Date "2017.12.09"]
[Round "4.4"]
[White "Nolting, Bodo"]
[Black "Sicking, Norbert"]
[Result "1/2-1/2"]
[WhiteElo "1721"]
[BlackElo "1809"]
[PlyCount "21"]
[EventDate "2017.??.??"]
[SourceTitle "Verband Muensterland"]
[SourceDate "2017.09.16"]
[SourceVersion "1"]
[SourceVersionDate "2017.09.16"]
[SourceQuality "1"]

1. e4 d6 2. d4 Nd7 3. f4 g6 4. Nc3 Bg7 5. Nf3 c6 6. Bd3 e5 7. Be3 Ne7 8. dxe5
dxe5 9. f5 Nb6 10. fxg6 hxg6 11. O-O 1/2-1/2

[Event "SK Dülmen 1 - SV Heiden 1"]
[Site "Verbandsliga 2017/2018"]
[Date "2017.12.09"]
[Round "4.5"]
[White "Herdering, Martin"]
[Black "Rebber, Christian"]
[Result "1-0"]
[WhiteElo "1799"]
[BlackElo "1857"]
[PlyCount "78"]
[EventDate "2017.??.??"]
[SourceTitle "Verband Muensterland"]
[SourceDate "2017.09.16"]
[SourceVersion "1"]
[SourceVersionDate "2017.09.16"]
[SourceQuality "1"]

1. e4 c6 2. d4 d5 3. exd5 cxd5 4. Bd3 Nc6 5. c3 Nf6 6. Bf4 Bg4 7. Qb3 Qd7 8.
Nd2 e6 9. Ngf3 Bxf3 10. Nxf3 Be7 11. Ne5 Qc8 12. Qd1 a6 13. a4 Qd8 14. O-O h6
15. Re1 Nxe5 16. Bxe5 O-O 17. Bc2 g6 18. Re3 Nd7 19. Bf4 Kg7 20. Qd3 Rh8 21.
Rxe6 Nf8 22. Re2 Bg5 23. Bd2 Bxd2 24. Qxd2 Qf6 25. Rae1 Ne6 26. Re5 Rad8 27.
Bb3 Nf4 28. g3 Nh3+ 29. Kg2 Ng5 30. f4 Ne4 31. Qe2 Qc6 32. Bxd5 Rxd5 33. Qxe4
Rhd8 34. Rxd5 Rxd5 35. Qe8 Rxd4+ 36. Qxc6 Rd2+ 37. Kf3 bxc6 38. Re2 Rd1 39. h4
Ra1 1-0

[Event "SK Dülmen 1 - SV Heiden 1"]
[Site "Verbandsliga 2017/2018"]
[Date "2017.12.09"]
[Round "4.6"]
[White "Lödding, Detlef"]
[Black "Niewerth, Gerd"]
[Result "1/2-1/2"]
[WhiteElo "1864"]
[BlackElo "1784"]
[PlyCount "41"]
[EventDate "2017.??.??"]
[SourceTitle "Verband Muensterland"]
[SourceDate "2017.09.16"]
[SourceVersion "1"]
[SourceVersionDate "2017.09.16"]
[SourceQuality "1"]

1. c4 Nf6 2. g3 g6 3. Bg2 Bg7 4. Nc3 O-O 5. Nf3 d6 6. O-O e5 7. d4 Nc6 8. e3
Bd7 9. Rb1 Qc8 10. b4 exd4 11. exd4 Bf5 12. Rb3 Bh3 13. Re1 Bxg2 14. Kxg2 Qd7
15. d5 Ne7 16. Bb2 Nf5 17. Ne4 Nxe4 18. Rxe4 Rfe8 19. Rxe8+ Rxe8 20. Bxg7 Nxg7
21. Qd4 1/2-1/2

[Event "SK Dülmen 1 - SV Heiden 1"]
[Site "Verbandsliga 2017/2018"]
[Date "2017.12.09"]
[Round "4.7"]
[White "Winzenhörlein, Thomas"]
[Black "Eiersbrock, Marko"]
[Result "1-0"]
[WhiteElo "1738"]
[BlackElo "1858"]
[PlyCount "47"]
[EventDate "2017.??.??"]
[SourceTitle "Verband Muensterland"]
[SourceDate "2017.09.16"]
[SourceVersion "1"]
[SourceVersionDate "2017.09.16"]
[SourceQuality "1"]

1. e4 c5 2. f4 Nc6 3. Nf3 g6 4. Be2 Bg7 5. O-O d6 6. c3 Nf6 7. d3 O-O 8. Na3 a6
9. Bd2 b5 10. Nc2 Rb8 11. Qe1 Qc7 12. Qh4 c4 13. Ne3 e6 14. f5 cxd3 15. Bxd3
Ne5 16. Nxe5 dxe5 17. fxg6 Qd8 18. Rxf6 hxg6 19. Ng4 Qxd3 20. Nh6+ Bxh6 21.
Bxh6 Re8 22. Rf3 Qd8 23. Bg5 Qb6+ 24. Kh1 1-0

[Event "SK Dülmen 1 - SV Heiden 1"]
[Site "Verbandsliga 2017/2018"]
[Date "2017.12.09"]
[Round "4.8"]
[White "Kötting, Hans-Erich"]
[Black "Wichert, Michael"]
[Result "1-0"]
[WhiteElo "1850"]
[BlackElo "1698"]
[PlyCount "71"]
[EventDate "2017.??.??"]
[SourceTitle "Verband Muensterland"]
[SourceDate "2017.09.16"]
[SourceVersion "1"]
[SourceVersionDate "2017.09.16"]
[SourceQuality "1"]

1. d4 d5 2. Nf3 Nf6 3. Bf4 e6 4. e3 Bd6 5. Ne5 Qe7 6. Nd2 h6 7. Bd3 c5 8. c3
Nbd7 9. Qe2 Nb6 10. g4 Bxe5 11. dxe5 Nfd7 12. Bg3 Na4 13. O-O-O c4 14. Bc2 Nxc3
15. bxc3 Qa3+ 16. Kb1 Qxc3 17. Nf3 b5 18. Qd2 Qa3 19. Qc1 Qc5 20. Nd4 a5 21. f4
O-O 22. f5 Nb6 23. f6 g6 24. e4 Kh7 25. h4 Qb4+ 26. Qb2 Qxb2+ 27. Kxb2 Bd7 28.
Nf3 Bc6 29. Ng5+ Kg8 30. h5 dxe4 31. hxg6 fxg6 32. Rxh6 Na4+ 33. Bxa4 e3 34.
Bc2 Rfd8 35. Rxg6+ Kf8 36. Nxe6+ 1-0

[Event "SC Rochade Emsdetten 2 - SK Metelen 1"]
[Site "Verbandsliga 2017/2018"]
[Date "2017.12.09"]
[Round "4.1"]
[White "Bernink, Henk"]
[Black "Böhlich, Daniel"]
[Result "0-1"]
[WhiteElo "2102"]
[BlackElo "2003"]
[PlyCount "112"]
[EventDate "2017.??.??"]
[SourceTitle "Verband Muensterland"]
[SourceDate "2017.09.16"]
[SourceVersion "1"]
[SourceVersionDate "2017.09.16"]
[SourceQuality "1"]

1. d4 Nf6 2. c4 g6 3. Nc3 Bg7 4. e4 d6 5. f4 O-O 6. Nf3 c5 7. d5 e6 8. Be2 exd5
9. cxd5 Bg4 10. e5 Nfd7 11. e6 fxe6 12. dxe6 Nb6 13. Nd5 Nc6 14. O-O Nxd5 15.
Qxd5 Qe7 16. Bc4 Rae8 17. Qd3 a6 18. Bd2 Bf5 19. Qe2 Bxb2 20. Rae1 b5 21. Bd5
Nd4 22. Nxd4 Bxd4+ 23. Kh1 c4 24. Rf3 Rc8 25. Bc3 Bd3 26. Qb2 Bxc3 27. Qxc3 Rc5
28. Qd4 Rf5 29. Bb7 a5 30. Be4 Bxe4 31. Qxe4 c3 32. g4 Rf8 33. f5 Re5 34. Qb1
Qb7 35. Ref1 Qc6 36. Qc2 gxf5 37. Kg1 Qc5+ 38. Kh1 Qd5 39. e7 Rxe7 40. gxf5 Re5
41. Qxc3 Rfxf5 42. Kg1 Rxf3 43. Rxf3 Qc5+ 44. Kf1 Qxc3 45. Rxc3 Rc5 46. Rb3 Kf7
47. a3 Ke6 48. Rh3 h5 49. Ke2 Rg5 50. Kd3 Kd5 51. Rh4 Kc5 52. Kc3 d5 53. Kd3
Rf5 54. Kc3 d4+ 55. Kb3 a4+ 56. Kc2 Kc4 0-1

[Event "SC Rochade Emsdetten 2 - SK Metelen 1"]
[Site "Verbandsliga 2017/2018"]
[Date "2017.12.09"]
[Round "4.2"]
[White "Ortmeier, Leonhard"]
[Black "Koch, Alexander"]
[Result "1/2-1/2"]
[WhiteElo "1944"]
[BlackElo "2013"]
[PlyCount "115"]
[EventDate "2017.??.??"]
[SourceTitle "Verband Muensterland"]
[SourceDate "2017.09.16"]
[SourceVersion "1"]
[SourceVersionDate "2017.09.16"]
[SourceQuality "1"]

1. e4 c5 2. Nf3 Nc6 3. d4 cxd4 4. Nxd4 Nf6 5. Nc3 d6 6. Bg5 a6 7. Qd2 Nxd4 8.
Qxd4 e5 9. Qd2 Be6 10. O-O-O Rc8 11. Bxf6 Qxf6 12. Nd5 Bxd5 13. Qxd5 Qxf2 14.
Bd3 Rc7 15. b4 Qb6 16. Qb3 g6 17. Rhf1 Bh6+ 18. Kb1 O-O 19. Rf3 Kg7 20. Rdf1
Qd4 21. R1f2 Be3 22. Re2 Bf4 23. Rf1 Bxh2 24. Ref2 Bf4 25. Rf3 b5 26. Rd1 Rfc8
27. a3 h5 28. g3 Bg5 29. Rdf1 f5 30. Qe6 fxe4 31. Rf7+ Kh6 32. Rxc7 Rxc7 33.
Rf8 Bd2 34. Qf6 exd3 35. Rh8+ Rh7 36. Qf8+ Kg5 37. Rxh7 dxc2+ 38. Kxc2 Qc3+ 39.
Kd1 Be3 40. Qxd6 Qd4+ 41. Qxd4 Bxd4 42. Ke2 Kg4 43. Rh6 Kf5 44. Rh8 Bb2 45. Ra8
Bxa3 46. Rxa6 Bxb4 47. Rb6 g5 48. Rxb5 Bc3 49. Kf3 Bd4 50. Ra5 Bb6 51. Rb5 Bd8
52. Rb8 e4+ 53. Kf2 Bc7 54. Rb7 Bd6 55. Rb3 e3+ 56. Kxe3 Bxg3 57. Rb5+ Kg4 58.
Rxg5+ 1/2-1/2

[Event "SC Rochade Emsdetten 2 - SK Metelen 1"]
[Site "Verbandsliga 2017/2018"]
[Date "2017.12.09"]
[Round "4.3"]
[White "Schudro, Vasily"]
[Black "Delere, Adrian"]
[Result "1-0"]
[WhiteElo "2017"]
[BlackElo "1842"]
[PlyCount "58"]
[EventDate "2017.??.??"]
[SourceTitle "Verband Muensterland"]
[SourceDate "2017.09.16"]
[SourceVersion "1"]
[SourceVersionDate "2017.09.16"]
[SourceQuality "1"]

1. e4 e5 2. Nf3 Nc6 3. Nc3 Nf6 4. Bb5 Nd4 5. a4 c6 6. Be2 Nxf3+ 7. Bxf3 Bc5 8.
d3 d5 9. O-O d4 10. Ne2 Ng4 11. h3 h5 12. Ng3 Qh4 13. Nf5 Bxf5 14. exf5 Nh6 15.
Be4 Bb4 16. Qf3 Kd7 17. c3 dxc3 18. d4 exd4 19. Rd1 Bc5 20. bxc3 Rae8 21. Bf4
Qf6 22. cxd4 Bxd4 23. Be3 c5 24. Rab1 b6 25. Bxd4 cxd4 26. Rb4 Re7 27. Rbxd4+
Kc7 28. Qc3+ Kb8 29. Rd8+ Rxd8 1-0

[Event "SC Rochade Emsdetten 2 - SK Metelen 1"]
[Site "Verbandsliga 2017/2018"]
[Date "2017.12.09"]
[Round "4.4"]
[White "Nöring, Andreas"]
[Black "Zachej, Arne"]
[Result "0-1"]
[WhiteElo "1847"]
[BlackElo "1870"]
[PlyCount "50"]
[EventDate "2017.??.??"]
[SourceTitle "Verband Muensterland"]
[SourceDate "2017.09.16"]
[SourceVersion "1"]
[SourceVersionDate "2017.09.16"]
[SourceQuality "1"]

1. e4 c5 2. Nf3 d6 3. d4 cxd4 4. Nxd4 Nf6 5. Nc3 a6 6. Be2 e5 7. Nb3 Be6 8. Be3
Nbd7 9. O-O Be7 10. Qd2 O-O 11. Rfd1 b5 12. a3 Rc8 13. f3 Qc7 14. Rac1 Nb6 15.
Na5 d5 16. exd5 Nfxd5 17. Nxd5 Nxd5 18. Bf2 Rfd8 19. Bd3 b4 20. Nc4 Nf4 21. Bb6
Bc5+ 22. Bxc5 Qxc5+ 23. Qe3 Qxe3+ 24. Nxe3 Rxd3 25. Rxd3 Ne2+ 0-1

[Event "SC Rochade Emsdetten 2 - SK Metelen 1"]
[Site "Verbandsliga 2017/2018"]
[Date "2017.12.09"]
[Round "4.5"]
[White "Wigger, Frank"]
[Black "Hemmers, Dieter"]
[Result "1-0"]
[WhiteElo "1794"]
[BlackElo "1816"]
[PlyCount "63"]
[EventDate "2017.??.??"]
[SourceTitle "Verband Muensterland"]
[SourceDate "2017.09.16"]
[SourceVersion "1"]
[SourceVersionDate "2017.09.16"]
[SourceQuality "1"]

1. e4 c5 2. c3 Nf6 3. e5 Nd5 4. d4 e6 5. a3 cxd4 6. cxd4 d6 7. Nf3 Nc6 8. Bd3
Be7 9. O-O dxe5 10. dxe5 O-O 11. Qe2 b6 12. Qe4 g6 13. Bh6 Re8 14. Bb5 Bd7 15.
Bc4 Nc7 16. Nc3 Na5 17. Ba2 Bc6 18. Qg4 Bd5 19. Rad1 Nc6 20. Nxd5 Nxd5 21. h4
Rc8 22. h5 Bf8 23. Bg5 Qc7 24. hxg6 fxg6 25. Bf6 Bg7 26. Ng5 Nxe5 27. Bxe5 Qxe5
28. Nxe6 Nf6 29. Nd8+ Kf8 30. Qxc8 Qxb2 31. Ne6+ Ke7 32. Qc7+ 1-0

[Event "SC Rochade Emsdetten 2 - SK Metelen 1"]
[Site "Verbandsliga 2017/2018"]
[Date "2017.12.09"]
[Round "4.6"]
[White "Wissing, Philipp"]
[Black "Denkler, Jürgen"]
[Result "1/2-1/2"]
[WhiteElo "1781"]
[BlackElo "1696"]
[PlyCount "92"]
[EventDate "2017.??.??"]
[SourceTitle "Verband Muensterland"]
[SourceDate "2017.09.16"]
[SourceVersion "1"]
[SourceVersionDate "2017.09.16"]
[SourceQuality "1"]

1. e4 e6 2. d4 d5 3. Nc3 dxe4 4. Nxe4 Nf6 5. Nxf6+ Qxf6 6. Nf3 h6 7. Bc4 Bd6 8.
O-O O-O 9. Bd2 Bd7 10. Bc3 b5 11. d5 e5 12. Bd3 b4 13. Bd2 Bg4 14. h3 Bxf3 15.
Qxf3 Qxf3 16. gxf3 Nd7 17. Bb5 Rad8 18. c4 Bc5 19. Be3 Bxe3 20. fxe3 Nc5 21.
Rad1 f5 22. Kh2 Rf6 23. f4 e4 24. h4 h5 25. Rg1 Kf7 26. Rg5 g6 27. Rdg1 Rb8 28.
R5g2 Rfb6 29. Bc6 Rg8 30. b3 a6 31. Kh3 Rbb8 32. d6 cxd6 33. Bd5+ Ne6 34. Bxe6+
Kxe6 35. Rxg6+ Rxg6 36. Rxg6+ Ke7 37. Rg5 Kf6 38. Rxh5 Rg8 39. Rg5 Rg7 40. Kg3
Rg6 41. Kf2 Rg7 42. Ke2 Rh7 43. h5 Rg7 44. h6 Rh7 45. Rh5 Kg6 46. Rg5+ Kf6
1/2-1/2

[Event "SC Rochade Emsdetten 2 - SK Metelen 1"]
[Site "Verbandsliga 2017/2018"]
[Date "2017.12.09"]
[Round "4.7"]
[White "Gravenkötter, Christian"]
[Black "Wehmeier, Sven"]
[Result "0-1"]
[WhiteElo "1711"]
[BlackElo "1768"]
[PlyCount "174"]
[EventDate "2017.??.??"]
[SourceTitle "Verband Muensterland"]
[SourceDate "2017.09.16"]
[SourceVersion "1"]
[SourceVersionDate "2017.09.16"]
[SourceQuality "1"]

1. e4 e5 2. Nf3 Nc6 3. Bc4 Bc5 4. d3 h6 5. c3 d6 6. b4 Bb6 7. Qb3 Qe7 8. a4 a5
9. b5 Nd8 10. Be3 Bxe3 11. fxe3 Nf6 12. O-O Ng4 13. Re1 O-O 14. Nbd2 b6 15. d4
Kh8 16. h3 Nf6 17. Bd3 Ne6 18. Qd1 Nd7 19. Qe2 g5 20. g4 Kg7 21. Nh2 Rh8 22.
Rf1 Nef8 23. Rf3 Ng6 24. Raf1 f6 25. Rg3 Bb7 26. d5 Raf8 27. Ndf3 Rh7 28. h4
gxh4 29. Rh3 Bxd5 30. exd5 e4 31. Nxh4 Nxh4 32. Rxh4 exd3 33. Qxd3 Nc5 34. Qd4
Nb3 35. Qf4 Qe5 36. Qxe5 fxe5 37. Rxf8 Kxf8 38. Nf3 Rg7 39. Kf2 Nc5 40. Ke1 Ne4
41. c4 Nc3 42. Rxh6 Rxg4 43. Nd2 Nxa4 44. Rh7 Rg1+ 45. Nf1 Rg7 46. Rh2 Rg4 47.
Nd2 Kg7 48. Kd1 Nb2+ 49. Kc2 Nxc4 50. Nxc4 Rxc4+ 51. Kd3 Rc5 52. e4 Rxb5 53.
Rg2+ Kf6 54. Rh2 Rb3+ 55. Kc2 Rb5 56. Rh7 Rc5+ 57. Kb3 Kg5 58. Rf7 b5 59. Ka3
Rc3+ 60. Kb2 b4 61. Rf8 a4 62. Ka2 Rc2+ 63. Kb1 b3 64. Rb8 Kf4 65. Rb4 Ra2 66.
Rc4 a3 67. Ra4 Ke3 68. Rc4 Rd2 69. Rc3+ Rd3 70. Rc1 Kd2 71. Rh1 Re3 72. Rh2+
Kc3 73. Rh1 Rxe4 74. Rh3+ Kc4 75. Rh1 Kxd5 76. Kc1 c5 77. Kd2 c4 78. Kc3 Kc5
79. Ra1 b2 80. Rd1 d5 81. Kc2 d4 82. Kb1 c3 83. Ka2 Re2 84. Rd3 c2 85. Kxa3
c1=Q 86. Rc3+ Qxc3+ 87. Ka4 Qb4# 0-1